header

Empowering green initiatives with IT (Record no. 83861)

MARC details
000 -LEADER
fixed length control field 01328nam a2200325Ia 4500
082 04 - DEWEY DECIMAL CLASSIFICATION NUMBER
Classification number 658.4/083
100 1# - MAIN ENTRY--AUTHOR NAME
Personal name Speshock, Carl H.
245 10 - TITLE STATEMENT
Title Empowering green initiatives with IT
260 ## - PUBLICATION, DISTRIBUTION, ETC. (IMPRINT)
Place of publication Hoboken, NJ :
Name of publisher Wiley,
Year of publication c2010.
300 ## - PHYSICAL DESCRIPTION
Number of Pages xvii, 235 p.
650 #0 - SUBJECT ADDED ENTRY--TOPICAL TERM
Topical Term Data processing service centers
Topical Term Information technology
Topical Term Green technology
Topical Term Social responsibility of business.
856 40 - ELECTRONIC LOCATION AND ACCESS
Uniform Resource Identifier http://site.ebrary.com/lib/rucke/Doc?id=10419275

No items available.

© 2026 Rongo University
Contact us: librarian | system librarian | Rongo university